The agricultural investment journal . - Autumn 1984- (Record no. 91076)

MARC details
000 -LEADER
fixed length control field 00508cam a2200205 4500
001 - CONTROL NUMBER
control field B1046
008 - FIXED-LENGTH DATA ELEMENTS--GENERAL INFORMATION
fixed length control field 090401t1984 xxu||||| |||| 00| 0 eng d
035 ## - SYSTEM CONTROL NUMBER
System control number (Sirsi) u42336
041 ## - LANGUAGE CODE
Language code of text/sound track or separate title eng
050 ## - LIBRARY OF CONGRESS CALL NUMBER
Classification number 333.335
110 ## - MAIN ENTRY--CORPORATE NAME
Corporate name or jurisdiction name as entry element William H. Brown
245 #4 - TITLE STATEMENT
Title The agricultural investment journal . - Autumn 1984-
260 ## - PUBLICATION, DISTRIBUTION, ETC.
Place of publication, distribution, etc. Sleaford
Name of publisher, distributor, etc. William H. Brown
Date of publication, distribution, etc. 1984-
350 ## - PRICE (NR) (BK AM CF MU VM SE) [OBSOLETE]
Price 0
520 ## - SUMMARY, ETC.
Summary, etc. Published irregularly.
650 ## - SUBJECT ADDED ENTRY--TOPICAL TERM
Topical term or geographic name entry element FARM LAND
650 ## - SUBJECT ADDED ENTRY--TOPICAL TERM
Topical term or geographic name entry element INVESTMENT
942 ## - ADDED ENTRY ELEMENTS (KOHA)
Suppress in OPAC 0
948 ## - LOCAL PROCESSING INFORMATION (OCLC); SERIES PART DESIGNATOR (RLIN)
c (OCLC) 04/03/1997
Holdings
Withdrawn status Lost status Source of classification or shelving scheme Damaged status Not for loan Home library Current library Shelving location Date acquired Total Checkouts Full call number Barcode Date last seen Copy number Price effective from Koha item type
    Dewey Decimal Classification     London London Property market reports 14/09/1999   LIBRARY ANNEXE 30031499 06/08/2019 1 06/08/2019 Book
    Dewey Decimal Classification     London London Property market reports 20/08/1991   LIBRARY ANNEXE 30031685 06/08/2019 2 06/08/2019 Book
    Dewey Decimal Classification     London London Property market reports 14/09/1999   LIBRARY ANNEXE 30031689 06/08/2019 3 06/08/2019 Book
    Dewey Decimal Classification     London London Property market reports 14/09/1999   LIBRARY ANNEXE 30031693 06/08/2019 4 06/08/2019 Book
    Dewey Decimal Classification     London London Property market reports 14/09/1999   LIBRARY ANNEXE 30031697 06/08/2019 5 06/08/2019 Book
    Dewey Decimal Classification     London London Property market reports 14/09/1999   LIBRARY ANNEXE 30031701 06/08/2019 6 06/08/2019 Book
    Dewey Decimal Classification     London London Property market reports 14/09/1999   LIBRARY ANNEXE 30031705 06/08/2019 7 06/08/2019 Book